| 000 | 01168cam a2200325 i 4500 | ||
|---|---|---|---|
| 999 |
_c7977 _d7977 |
||
| 001 | 18551937 | ||
| 003 | OSt | ||
| 005 | 20200125122000.0 | ||
| 008 | 150402s2016 maua b 001 0 eng | ||
| 010 | _a 2015937763 | ||
| 020 | _a9788131519578 | ||
| 040 |
_aDLC _beng _erda _cDLC |
||
| 042 | _apcc | ||
| 050 | 0 | 0 |
_aHD30.213 _b.B534 2016 |
| 082 |
_a658.4038 _bBIO/M |
||
| 100 |
_aBidgoli, Hossein _eauthor. _91399 |
||
| 245 | 1 | 0 |
_aMIS / _cHossein Bidgoli; Nilanjan Chattopadhyay |
| 246 | 3 | _aManagement information systems | |
| 264 | 1 |
_aBoston, MA : _bCengage Learning, _c2012 |
|
| 300 |
_axii, 352 pages : _bcolor illustrations ; _c28 cm |
||
| 336 |
_atext _btxt _2rdacontent |
||
| 337 |
_aunmediated _bn _2rdamedia |
||
| 338 |
_avolume _bnc _2rdacarrier |
||
| 500 | _aTitle from cover. | ||
| 504 | _aIncludes bibliographical references (pages 318-327) and index. | ||
| 650 | 0 | _aManagement information systems. | |
| 906 |
_a7 _bcbc _corignew _d3 _eepcn _f20 _gy-gencatlg |
||
| 942 |
_2ddc _cBK _h658.4038 _iBID/M _k658.4038 _mBID/M |
||